LEADER 01379nam 2200349z- 450 001 9910694335403321 005 20090528085739.0 035 $a(CKB)4920000000817496 035 $a(BIP)016479853 035 $a(EXLCZ)994920000000817496 100 $a20220316c2007uuuu -u- - 101 0 $aeng 200 10$aComprehensive immigration reform $elabor movement perspectives : hearing before the Subcommittee on Immigration, Citizenship, Refugees, Border Security, and International Law of the Committee on the Judiciary, House of Representatives, One Hundred Tenth Congress, first session, May 24, 2007 215 $a1 online resource (iv, 139 p.) $cill 311 $a0-16-079525-7 517 $aComprehensive Immigration Reform 606 $aLabor unions$zUnited States 606 $aForeign workers$xEconomic aspects$zUnited States 606 $aForeign workers$xGovernment policy$zUnited States 607 $aUnited States$xEmigration and immigration$xEconomic aspects 610 $aLabor unions 610 $aForeign workers 610 $aUnited States 610 $aBusiness & economics 610 $aSocial science 615 0$aLabor unions 615 0$aForeign workers$xEconomic aspects 615 0$aForeign workers$xGovernment policy 906 $aBOOK 912 $a9910694335403321 996 $aComprehensive immigration reform$93091449 997 $aUNINA